| 000 | 00697nam a22002657a 4500 | ||
|---|---|---|---|
| 003 | BUBTL | ||
| 008 | 130612b xxu||||| |||| 00| 0 eng d | ||
| 020 | _a984-300-001422-3 | ||
| 024 | _cAvailable | ||
| 037 | _cAvailable | ||
| 082 |
_222 _a658.0072ISI |
||
| 100 |
_aIslam, M Nurul _91141 |
||
| 245 | _aAn Introduction to Research Methods | ||
| 250 | _a2nd | ||
| 260 |
_aDhaka _bMullick & Brothers _cc2011 |
||
| 300 |
_a[x],546p. _c21cm. |
||
| 650 | 0 |
_91874 _aResearch Methord |
|
| 700 |
_aIslam, M Nurul _91142 |
||
| 760 | _b2ndd | ||
| 856 |
_k0 _l0 _yDownload |
||
| 270 |
_aDhaka _bDhaka _dBangladesh |
||
| 365 |
_b188.00 _d188.00 |
||
| 942 |
_2ddc _cBK |
||
| 999 |
_c464 _d464 |
||